| 000 | 00374nam a2200133Ia 4500 | ||
|---|---|---|---|
| 008 | 220217s9999||||xx |||||||||||||| ||und|| | ||
| 020 | _a81-85623-72-4 | ||
| 082 | _a001 CHO | ||
| 100 |
_aChopra, Ravi _92916 |
||
| 245 | 0 | _aMaster key to MBA entrance exam 2003 | |
| 260 |
_aGalgotia publications _bNew Delhi _c2003 |
||
| 300 | _b325 | ||
| 650 | _aEXAM BOOKS/GRE/CAT/GATE | ||
| 999 |
_c170249 _d170249 |
||